Evaluación de la distribución de la soda cáustica en consorcio cervecero centroamericano y recuperación para la reutilización de la misma en el área de envasado de COCECA

Describir la evaluación de la distribución de la soda cáustica en COCECA y recuperación de soda cáustica para la reutilización en envasado, efectiva y capaz de establecer los consumo reales y regular la distribución de forma ordenada y a su vez definir la mejor ubicación del sistema de tuber...

Full description

Bibliographic Details
Main Author: Lozano, Ricardo José
Other Authors: Tutor: Acevedo Lugo, Ernesto José
Format: Tesis Section = Libro
Language:Undetermined
Spanish
Published: Managua UNI 2003
Subjects:
LEADER 01467nam a2200265Ia 4500
008 240830s9999 xx 000 0 und d
040 |a BIBLIOTECA-RUSB/ Mon 661.322 L925 
041 |a spa 
082 |a Mon 661.322 L925 
100 1 |a Lozano, Ricardo José 
245 1 0 |a Evaluación de la distribución de la soda cáustica en consorcio cervecero centroamericano y recuperación para la reutilización de la misma en el área de envasado de COCECA 
260 |a Managua  |b UNI  |c 2003 
300 |a 102 p. :il. 
500 |a Contiene: anexos. 
502 |a Tesis (Ingeniero Químico) - UNI, 2003. 
520 3 |a Describir la evaluación de la distribución de la soda cáustica en COCECA y recuperación de soda cáustica para la reutilización en envasado, efectiva y capaz de establecer los consumo reales y regular la distribución de forma ordenada y a su vez definir la mejor ubicación del sistema de tuberías y accesorios para recircular soda cáustica usada en envasado, ya que las alternativas presentan condiciones requeridas para el buen aprovechamiento de la soda usada en envasado por razones de higiene industrial. 
650 7 |a SODA CAUSTICA - CONSORCIO CERVECERO - EVALUACION 
650 7 |b  SODA CAUSTICA - PRODUCCION DE CERVEZA 
650 7 |c  DISTRIBUCION DE SODA CAUSTICA 
650 7 |d  SEDIMENTACION 
650 7 |e  FERMENTACION 
700 1 |a Tutor:  |b Acevedo Lugo, Ernesto José 
942 |c BK  |2 ddc 
991 |a TESIS 
999 |c 20667